• 首页
  • 本馆介绍
  • 公告通知
  • 最新文献
  • 馆藏检索
  • 电子资源
  • 读者导购
  • 参考咨询
  • 我的图书馆
  • 登录
  • 详细信息显示
  • 放入我的书架
  • 预约/预借图书
  • 作者相关作品
  • 分类相关作品
  • 丛书相关作品
  • 出版社相关作品

书目信息

  • 表格格式
  • 工作单格式
  • 卡片格式
题名:
足球竞赛规则图解
    
 
作者: 谭海 , 徐鹏 编著
分册:  
出版信息: 北京   北京体育大学出版社  2018
页数: 98页
开本: 26cm
丛书名:
单 册:
中图分类: G843.4-64
科图分类:
主题词: 足球运动--竞赛规则--图解
电子资源:
ISBN: 978-7-5644-2684-2
000 01054nam0 2200253 450
001 3673
005 20180527174200.54
010    @a978-7-5644-2684-2@dCNY25.00
100    @a20180412d2018 em y0chiy50 ea
101 0  @achi
102    @aCN@b110000
105    @aa az 000yy
200 1  @a足球竞赛规则图解@9zu qiu jing sai gui ze tu jie@f谭海,徐鹏编著
210    @a北京@c北京体育大学出版社@d2018
215    @a98页@d26cm
300    @a校园足球教师教练员培训教材
320    @a有书目(第98页)
330    @a本书介绍了最新的足球竞赛规则及其演变过程,全书共分四章,第一章详细介绍了足球竞赛规则,第二章简析了足球裁判法,在讲解中配合图和知识链接,让读者了解到与现在足球运动有关规则相关的故事,这样可以增加读者的阅读兴趣。第三章介绍了16种在足球裁判工作中常见的问题,给读者以提示。第四章介绍了现代足球竞赛规则演变与发展,介绍了从1863年开始至今的足球规则的发展变化。
606 0  @a足球运动@x竞赛规则@j图解
690    @aG843.4-64@v5
701  0 @a谭海@9tan hai@4编著
701  0 @a徐鹏@9xu peng@4编著
801  0 @aCN@b91MARC@c20180412
905    @aMuseLib@dG843.4-64@e461
    
    足球竞赛规则图解/谭海,徐鹏编著.-北京:北京体育大学出版社,2018
    98页;26cm
    校园足球教师教练员培训教材
    
    ISBN 978-7-5644-2684-2:CNY25.00
    本书介绍了最新的足球竞赛规则及其演变过程,全书共分四章,第一章详细介绍了足球竞赛规则,第二章简析了足球裁判法,在讲解中配合图和知识链接,让读者了解到与现在足球运动有关规则相关的故事,这样可以增加读者的阅读兴趣。第三章介绍了16种在足球裁判工作中常见的问题,给读者以提示。第四章介绍了现代足球竞赛规则演变与发展,介绍了从1863年开始至今的足球规则的发展变化。
●
相关链接 在E读中查询图书 在五车中查询图书 在当当中查询图书 在豆瓣中查询图书


正题名:足球竞赛规则图解     索取号:G843.4-64/461         预约/预借

序号 登录号 条形码 馆藏地/架位号 状态 备注
1 1110160   211101608   第一样本阅览室/ [索取号:G843.4-64/461] 在馆    
2 1110161   211101617   教育系资料室/ [索取号:G843.4-64/461] 在馆    
3 1110162   211101626   教育系资料室/ [索取号:G843.4-64/461] 在馆    
4 1110163   211101635   第四借阅区/ [索取号:G843.4-64/461] 在馆    
唐山师范学院图书馆 欢迎您!
大连网信软件有限公司© 版权所有